000 00718nam a2200241Ia 4500
003 OSt
005 20220923224124.0
006 a|||||r|||| 00| 0
007 ta
008 Pun
024 _a225,982
037 _cTextual
040 _aARTS
_cARTS
_bPun
041 _2Pun
_aPun
082 _aQ8441:21:(NR), 153P4
100 _aਜਾਗੀਰ ਸਿੰਘ
245 0 _aਕਾਵਿ ਅਤੇ ਸੰਗੀਤ ਗੁਰਬਾਣੀ ਪਰਿਪੇਖ
260 _aਪਟਿਆਲਾ
_b ਪੰਜਾਬੀ ਪਬਲੀਕੇFਨ
_c2004
300 _a206ਪੰ
_ccm.
650 _aਧਰਮ
942 _hQ8441:21:(NR), 153P4
_cTEXL
_2CC
999 _c369387
_d369387